000 00951nam a2200289 a 4500
001 000014146
005 20200929163507.0
008 091205s2000 sp 000 f spa d
020 _a8495501260
040 _aDO-SdBNP
_bspa
_cBNPHU
041 1 7 _aspa
_heng
_2Código de idioma MARC
082 _a813.5
_bM847v, 2000
100 1 _aMorgan, Marlo,
_d1937-
_931988
240 1 0 _aMutant message down under.
_lEspañol
245 1 4 _aLas voces del desierto /
_cMarlo Morgan ; traducción de Gemma Moral Bartolomé.
250 _a3a ed.
260 _a[Madrid] :
_bSuma de Letras,
_c2000.
300 _a260, [11] p. ;
_c18 cm.
490 1 _aPunto de lectura
_v38
534 _pTítulo original en inglés:
_tMutant message down under
650 4 _aNovela estadounidense
_9262
650 4 _aLiteratura estadounidense
_9263
700 1 _aMoral Bartolomé, Gemma,
_etr.
_911888
830 0 _aPunto de lectura ;
_v38
_93047
910 _aWM
049 _aBNGR
999 _c13748
_d13748